| 000 | 00880cam a2200253 a 4500 | ||
|---|---|---|---|
| 001 | 000007127 | ||
| 005 | 20200929154056.0 | ||
| 008 | 901022s1989 cu a b 000 e spa | ||
| 040 |
_aDO-SdBNP _cDLC _dDLC |
||
| 082 |
_aCu864.44 _bA921c |
||
| 100 | 1 |
_aAugier, Ángel I., _d1910- _99779 |
|
| 245 | 1 | 0 |
_aCuba en Dario y Dario en Cuba / _cÁngel Augier. |
| 260 |
_aLa Habana, (Cuba) : _bLetras Cubanas, _c1989. |
||
| 300 |
_a339 p., [14] p. : _bil. ; _c18 cm. |
||
| 490 | 1 | _aGiraldilla | |
| 504 | _aIncluye referencias bibliográficas | ||
| 600 | 1 | 0 |
_aDarío, Rubén, _d1867-1916 _xCRÍTICA E INTERPRETACIÓN _98388 |
| 650 | 4 |
_aEnsayos cubanos _95691 |
|
| 650 | 4 |
_aLiteratura cubana _ySIGLO XX _99186 |
|
| 650 | 4 |
_aCuba _xVida intelectual _ySIGLO XIX _919773 |
|
| 651 | 4 |
_aCuba _xVida Intelectual _ySIGLO XX _914228 |
|
| 830 | 0 |
_aGiraldilla _98904 |
|
| 910 | _aCatalogación por copia / LC | ||
| 999 |
_c6908 _d6908 |
||